Statistics for Can You Name The State Capitals Of the US?

Click here to take the quiz!

General Stats

  • This quiz has been taken 19 times
  • The average score is 45 of 50

Answer Stats

HintAnswer% Correct
New YorkAlbany
100%
TexasAustin
100%
LouisianaBaton Rouge
100%
MassachusettsBoston
100%
IndianaIndianapolis
100%
TennesseeNashville
100%
New MexicoSanta Fe
100%
MarylandAnnapolis
94%
IdahoBoise
94%
West VirginiaCharleston
94%
South CarolinaColumbia
94%
OhioColumbus
94%
ColoradoDenver
94%
IowaDes Moines
94%
DelawareDover
94%
ConnecticutHartford
94%
HawaiiHonolulu
94%
AlaskaJuneau
94%
NebraskaLincoln
94%
ArkansasLittle Rock
94%
AlabamaMontgomery
94%
OklahomaOklahoma City
94%
ArizonaPhoenix
94%
Rhode IslandProvidence
94%
VirginiaRichmond
94%
CaliforniaSacramento
94%
OregonSalem
94%
UtahSalt Lake City
94%
IllinoisSpringfield
94%
FloridaTallahassee
94%
New JerseyTrenton
94%
GeorgiaAtlanta
88%
MaineAugusta
88%
North DakotaBismarck
88%
KentuckyFrankfort
88%
MontanaHelena
88%
MississippiJackson
88%
MichiganLansing
88%
WashingtonOlympia
88%
South DakotaPierre
88%
North CarolinaRaleigh
88%
MinnesotaSaint Paul
88%
NevadaCarson City
81%
WyomingCheyenne
81%
New HampshireConcord
81%
VermontMontpelier
81%
KansasTopeka
81%
PennsylvaniaHarrisburg
75%
MissouriJefferson City
75%
WisconsinMadison
75%

Score Distribution

Percentile by Number Answered

Percent of People with Each Score

Your Score History

You have not taken this quiz